00709nam a2200229 a 4500001001300000003000900013005001700022008004100039020002300080082001600103100002300119245006200142260003500204300000900239500003500248650002400283700002300307902000800330942000700338952011700345999001700462nice12345678IN_TiNIC20260116014452.0070416s2004 cala grp 000 0 eng  a8170462622 c40000a700.1bSCH1 aSchechner, Richard aOver Under and Aroundb Essays in Performsnce Snd Culture aCalcuttabSeagull Books c2004 a347p aincludes index and biblioraphy aFine Arts-Philosphy1 aSchechner, Richard bSRS cBK 001040708StackRoom-aHMIbHMId2007-04-16g400.00l0o700.1 SCH1p021705r2007-04-16v400.00w2007-04-16yBK c15486d15486